| 000 | 00655nmc a2200253 a 4500 | ||
|---|---|---|---|
| 003 | AR-BaBNM | ||
| 005 | 20251128211802.0 | ||
| 008 | 136020s1999 ||||||||||||||000 | spa|| | ||
| 020 | _a987-514-029-5 | ||
| 040 | _cAR-BaBNM | ||
| 100 | 1 | _aPessoa, Fernando | |
| 245 | 1 | 0 | _aEl banquero anarquista |
| 260 |
_aBuenos Aires _aLeviatán _c1999 |
||
| 300 | 0 | _a77 p. | |
| 490 | 0 | _aEl hilo de Ariadna | |
| 650 | 4 | _aLITERATURA PORTUGUESA | |
| 650 | 4 | _aLITERATURA CONTEMPORANEA | |
| 653 | _aNARRATIVA | ||
| 655 | _aLITERATURA | ||
| 700 | 1 |
_aGarrido, Antonio _etraductor |
|
| 700 | 1 |
_aElliff, Carlos _eprologuista |
|
| 942 | _cBK | ||
| 998 | _cme-solo cat | ||
| 999 |
_c21106 _d21106 |
||